00271nam a2200097Ia 4500008004100000020001800041100002300059245003400082260004000116300001700156180205s9999 xx 000 0 und d a9789719803966 aYu-Torres, Rosario aTalinghagang pang-araw-araw / aQuezon CitybC & E publishingc2016 av, 219 pages